Przystanki tramwajowe w Krakowie - nagła śmierć - Statystyki

Ogólne statystyki
  • Ten quiz został rozwiązany 1 531 razy
  • Średni wynik to 3 z 16
Answers on the Grid
Answers color-coded by a green-red scale on the quiz's grid according to % correct below.
Cmentarz Rakowicki
Rondo Młyńskie
Walcownia
Grodzki Urząd Pracy
Rondo Barei
Bociana
Siewna
Siewna Wiadukt
Ks. Meiera
Wesele
Azory
Reymana
Cracovia Błonia
Komorowskiego
Konopnickiej
Smolki
Norymberska
Rostworowskiego
Kościuszkowców
Złocień
Saska
Dworzec Główny Wschód
Uniwersytet Ekonomiczny
Rondo Ofiar Katynia
Stefana Batorego
Plac Wolnica
Władysława Łokietka
Witosa
Teligi
Rżąka
Ogród Doświadczeń
TAURON Arena Kraków
 
Statystyki odpowiedzi
Odpowiedź % Poprawnych
Cmentarz Rakowicki
81%
Wesele
26%
Norymberska
19%
Plac Wolnica
18%
Reymana
18%
Bociana
17%
Grodzki Urząd Pracy
17%
Smolki
17%
Stefana Batorego
17%
Uniwersytet Ekonomiczny
16%
Ogród Doświadczeń
15%
Siewna Wiadukt
15%
Teligi
15%
Witosa
12%
Komorowskiego
11%
Kościuszkowców
8%
Nie znaleziono quizów pasujących do podanych kryteriów
Rozkład punktacji
Procent ludzi z każdym wynikiem
Percentyl według liczby udzielonych odpowiedzi
Twoja historia wyników
Nie rozwiązałeś tego quizu